Návrh zákona o elektronickom výkone verejnej moci účinný od októbra 2013

Na zabezpečenie procesov elektronického výkonu verejnej moci je potrebné zabezpečiť zmeny aj v zákone č. 215/2002 Z. z. o ZEP, kde nastane zosúladenie ustanovení tohto zákona s pripravovaným "Nariadením Európskeho parlamentu o elektronickej identifikácii a dôveryhodných službách pre elektronické tra...

Celý popis

Uložené v:
Podrobná bibliografia
Hlavný autor: Neupauerová, Zuzana
Médium: Kapitola
Jazyk:Slovak
Predmet:
Tagy: Pridať tag
Žiadne tagy, Buďte prvý, kto otaguje tento záznam!

MARC

LEADER 00000nla a2200000 4500
001 0178599
005 20240502073032.9
041 0 |a slo 
044 |a SK 
245 1 0 |a Návrh zákona o elektronickom výkone verejnej moci účinný od októbra 2013  |c Zuzana Neupauerová 
520 |a Na zabezpečenie procesov elektronického výkonu verejnej moci je potrebné zabezpečiť zmeny aj v zákone č. 215/2002 Z. z. o ZEP, kde nastane zosúladenie ustanovení tohto zákona s pripravovaným "Nariadením Európskeho parlamentu o elektronickej identifikácii a dôveryhodných službách pre elektronické transakcie na vnútornom trhu", ako aj zjednodušenie procesov elektronickej komunikácie. 
610 2 0 |a správa verejná 
610 2 0 |a správa verejná elektronická 
610 2 0 |a systémy informačné 
610 2 0 |a komunikácia elektronická 
610 2 0 |a legislatíva 
100 1 |a Neupauerová, Zuzana